EXCELLING INFORMATION AND COMMUNICATION TECHNOLOGY: LEARNERS BOOK GRADE 10 (Record no. 216773)

MARC details
000 -LEADER
fixed length control field 00527nam a22001697a 4500
008 - FIXED-LENGTH DATA ELEMENTS--GENERAL INFORMATION
fixed length control field 260303b |||||||| |||| 00| 0 eng d
020 ## - INTERNATIONAL STANDARD BOOK NUMBER
International Standard Book Number 978-9914-55-236-2
100 ## - MAIN ENTRY--PERSONAL NAME
Personal name MUTWIWA, PETRONILLA
245 ## - TITLE STATEMENT
Title EXCELLING INFORMATION AND COMMUNICATION TECHNOLOGY: LEARNERS BOOK GRADE 10
260 ## - PUBLICATION, DISTRIBUTION, ETC.
Place of publication, distribution, etc. NAIROBI
Name of publisher, distributor, etc. KLB
Date of publication, distribution, etc. 2025
300 ## - PHYSICAL DESCRIPTION
Extent IV,236P.
500 ## - GENERAL NOTE
General note INCLUDES AN INDEX
650 ## - SUBJECT ADDED ENTRY
Topical term or geographic name entry element INFORMATION TECHNOLOGY-TEXTBOOKS
700 ## - ADDED ENTRY--PERSONAL NAME
Personal name MUTIE JOSHUA, ALUOCH DOROTHY, MAUNDU LINNET
942 ## - ADDED ENTRY ELEMENTS (KOHA)
Source of classification or shelving scheme Library of Congress Classification
Koha item type Long Loan Book
Holdings
Withdrawn status Lost status Source of classification or shelving scheme Damaged status Not for loan Collection Home library Current library Shelving location Date acquired Inventory number Total checkouts Full call number Barcode Date last seen Copy number Price effective from Koha item type
    Library of Congress Classification     Science & Technology Kisii University Library Kisii University Library On Display 03/03/2026 112347   T 58.6 .E994 2025 V.10 A000322 03/03/2026 C.1 03/03/2026 Long Loan Book
    Library of Congress Classification     Science & Technology Kisii University Library Kisii University Library On Display 03/03/2026 112348   T 58.6 .E994 2025 V.10 A000321 03/03/2026 C.2 03/03/2026 Long Loan Book
    Library of Congress Classification     Science & Technology Kisii University Library Kisii University Library On Display 03/03/2026 112349   T 58.6 .E994 2025 V.10 A000324 03/03/2026 C.3 03/03/2026 Long Loan Book
    Library of Congress Classification     Science & Technology Kisii University Library Kisii University Library On Display 03/03/2026 112350   T 58.6 .E994 2025 V.10 A000323 03/03/2026 C.4 03/03/2026 Long Loan Book
    Library of Congress Classification     Science & Technology Kisii University Library Kisii University Library On Display 03/03/2026 112351   T 58.6 .E994 2025 V.10 A000326 03/03/2026 C.5 03/03/2026 Long Loan Book